000 nam a22 a 4500
999 _c159261
_d159261
003 BLK
005 20220322063534.0
008 180410b bul|||||r ||||||| ||bul||
010 _aKNG00166372000
040 _aBLK
041 _aBUL
_cBUL
080 _aСпорт. Спортни игри. Физическа култура. Вж и 613;615.82;685.6/.7; 723.8; 793.3; 794
_b796
_x(075.8)
_z796(075.8)
100 1 _aГиздов, Георги Ташев
_eпърви автор
_9325803
139 _aГиздов, Георги Ташев
_bГ 46
245 1 0 _aПедагогика
_b[Учебник за Висшя инст. за физ култура Г. Димитров]
_cГеорги Ташев Гиздов
250 _a2. прераб. изд.
257 _aBGR
260 _aСофия
_bМедицина и физкултура
_c1963
300 _a315 с.
_c20 см
380 _a79
650 4 _aФизкултура - методика на преподаването
_9275063
653 _aметодика на образованието
653 _aфизкултура
852 _aЦб 27646
856 4 _qpdf
856 4 _qpdf
942 _cKNG
_n0
_s1
944 _aCR
_c27.09.2016
_kИрена_Линкова
944 _aED
_c2022-03-22
_kК.Д.